Synchronization of energy extraction from microwave compressor cavities with laser triggering; The 7th International Forum on Strategic Technology (IFOST-2012), September 18-21, 2012, Tomsk
| Parent link: | The 7th International Forum on Strategic Technology (IFOST-2012), September 18-21, 2012, Tomsk.— 2012.— [2 p.] |
|---|---|
| Institution som forfatter: | |
| Andre forfattere: | , , , , , |
| Summary: | Title screen Laser triggering was used to synchronize the switching of two resonant microwave compressors over to energy extraction mode. The obtained experimental data of the study are presented. Practically the precise synchronism was demonstrated when switching the working mode in the storage regime. Each compressor provided pulses of 250 MW power and 5 ns pulsewidth, the pulse summation gave the output pulse power of 500 MW. Foundation of the supposition that the combined power of several compressors with common load can exceed 1 GW when laser radiation synchronized operation is given. Режим доступа: по договору с организацией-держателем ресурса |
| Sprog: | engelsk |
| Udgivet: |
2012
|
| Fag: | |
| Online adgang: | http://dx.doi.org/10.1109/IFOST.2012.6357777 |
| Format: | Electronisk Book Chapter |
| KOHA link: | https://koha.lib.tpu.ru/cgi-bin/koha/opac-detail.pl?biblionumber=637583 |
MARC
| LEADER | 00000nla2a2200000 4500 | ||
|---|---|---|---|
| 001 | 637583 | ||
| 005 | 20240125094206.0 | ||
| 035 | |a (RuTPU)RU\TPU\network\1735 | ||
| 090 | |a 637583 | ||
| 100 | |a 20140929a2012 k y0engy50 ba | ||
| 101 | 0 | |a eng | |
| 105 | |a a z 101zy | ||
| 135 | |a drcn ---uucaa | ||
| 181 | 0 | |a i | |
| 182 | 0 | |a b | |
| 200 | 1 | |a Synchronization of energy extraction from microwave compressor cavities with laser triggering |f M. S. Arteev [et al.] | |
| 203 | |a Text |c electronic | ||
| 300 | |a Title screen | ||
| 320 | |a [References: 6 tit.] | ||
| 330 | |a Laser triggering was used to synchronize the switching of two resonant microwave compressors over to energy extraction mode. The obtained experimental data of the study are presented. Practically the precise synchronism was demonstrated when switching the working mode in the storage regime. Each compressor provided pulses of 250 MW power and 5 ns pulsewidth, the pulse summation gave the output pulse power of 500 MW. Foundation of the supposition that the combined power of several compressors with common load can exceed 1 GW when laser radiation synchronized operation is given. | ||
| 333 | |a Режим доступа: по договору с организацией-держателем ресурса | ||
| 463 | 0 | |0 (RuTPU)RU\TPU\network\10411 |t The 7th International Forum on Strategic Technology (IFOST-2012), September 18-21, 2012, Tomsk |o [proceedings] |f National Research Tomsk Polytechnic University (TPU) |v [2 p.] |d 2012 | |
| 610 | 1 | |a электронный ресурс | |
| 610 | 1 | |a труды учёных ТПУ | |
| 701 | 1 | |a Arteev |b M. S. |c radiophysicist |c Leading engineer of Tomsk Polytechnic University |f 1950- |g Mikhail Sidorovich |3 (RuTPU)RU\TPU\pers\32427 |9 16376 | |
| 701 | 1 | |a Avgustinovich |b V. A. |c radiophysicist |c Leading engineer of Tomsk Polytechnic University |f 1941- |g Vladimir Andreevich |3 (RuTPU)RU\TPU\pers\32425 |9 16374 | |
| 701 | 1 | |a Artemenko |b S. N. |c physicist |c Leading researcher of Tomsk Polytechnic University, Doctor of physical and mathematical science |f 1951- |g Sergey Nikolaevich |3 (RuTPU)RU\TPU\pers\31801 |9 15912 | |
| 701 | 1 | |a Kaminsky |b V. L. |c physicist |c The Head of the Laboratory of Tomsk Polytechnic University |f 1942- |g Valery Ludvigovich |3 (RuTPU)RU\TPU\pers\31800 |9 15911 | |
| 701 | 1 | |a Novikov |b S. A. |c specialist in electrical engineering |c Professor of Tomsk Polytechnic University, doctor of physical and mathematical sciences |f 1949- |g Sergey Avtonomovich |3 (RuTPU)RU\TPU\pers\32424 |9 16373 | |
| 701 | 1 | |a Yushkov |b Y. G. |c electrophysicist |c Professor of Tomsk Polytechnic University, Doctor of technical sciences |f 1937- |g Yuri Georgievich |3 (RuTPU)RU\TPU\pers\25936 |9 11786 | |
| 712 | 0 | 2 | |a Национальный исследовательский Томский политехнический университет (ТПУ) |b Физико-технический институт (ФТИ) |b Лаборатория № 46 |3 (RuTPU)RU\TPU\col\19319 |
| 801 | 2 | |a RU |b 63413507 |c 20160407 |g RCR | |
| 856 | 4 | |u http://dx.doi.org/10.1109/IFOST.2012.6357777 | |
| 942 | |c CF | ||